Oxidation-reduction potentials of organic systems. (Record no. 156407)
[ view plain ]
| 000 -LEADER | |
|---|---|
| fixed length control field | 00898cam0a220024100 4500 |
| 001 - CONTROL NUMBER | |
| control field | lce00554308 |
| 008 - FIXED-LENGTH DATA ELEMENTS--GENERAL INFORMATION | |
| fixed length control field | 830921s1960 mdua b 000 0 eng |
| 010 ## - LIBRARY OF CONGRESS CONTROL NUMBER | |
| LC control number | 60005143 /L/r882 |
| 035 ## - SYSTEM CONTROL NUMBER | |
| System control number | (Sirsi) r15319 |
| 035 ## - SYSTEM CONTROL NUMBER | |
| System control number | (DLC) 60005143 /L/r882 |
| 035 ## - SYSTEM CONTROL NUMBER | |
| System control number | (UPRA)lce00554308 |
| 040 ## - CATALOGING SOURCE | |
| Original cataloging agency | DLC/ICU |
| Transcribing agency | ICU |
| Modifying agency | DLC |
| 050 0# - LIBRARY OF CONGRESS CALL NUMBER | |
| Classification number | QD281.O9 |
| Item number | C55 |
| 082 0# - DEWEY DECIMAL CLASSIFICATION NUMBER | |
| Classification number | 547.23 |
| 100 1# - MAIN ENTRY--PERSONAL NAME | |
| Personal name | Clark, W. Mansfield (William Mansfield), 1884-1964. |
| Fuller form of name | Clark, W. Mansfield (William Mansfield), 1884-1964. |
| Dates associated with a name | Clark, W. Mansfield (William Mansfield), 1884-1964. |
| Linkage | A71852.1 |
| 245 10 - TITLE STATEMENT | |
| Title | Oxidation-reduction potentials of organic systems. |
| 260 ## - PUBLICATION, DISTRIBUTION, ETC. | |
| Place of publication, distribution, etc. | Baltimore, |
| Name of publisher, distributor, etc. | Williams & Wilkins |
| Date of publication, distribution, etc. | [1960] |
| 504 ## - BIBLIOGRAPHY, ETC. NOTE | |
| Bibliography, etc. note | Includes bibliographical references. |
| 650 #0 - SUBJECT ADDED ENTRY--TOPICAL TERM | |
| Topical term or geographic name entry element | Oxidation-reduction reaction. |
| Linkage | S43477.1 |
| 650 #0 - SUBJECT ADDED ENTRY--TOPICAL TERM | |
| Topical term or geographic name entry element | Chemistry, Organic. |
| Linkage | S95.2 |
| 949 ## - LOCAL PROCESSING INFORMATION (OCLC) | |
| a | QD281.O9 |
| w | lcc |
| i | -9864 |
| m | MAIN |
| t | BOOK |
| l | ON-SHELF |
No items available.